000 00408nam a22001337a 4500
005 20140426020011.0
008 140324b xxu||||| |||| 00| 0 eng d
050 _aBV4466.
_bG54 2005
100 _aAlonso, Pablo
_99267
245 _aGod in exile
_btowards a shared spirituality with refugees
_cAlonso, Pablo
260 _aRoma
_bJesuit Refugee Service
300 _a158p.;
_c22cm.
942 _2lcc
_cMONOGRAPH
_02
999 _c120254
_d120254